000 00497nam a2200181Ia 4500
005 20250508152258.0
008 008 250505s9999 xx 000 0 eng d
037 _aTextual
040 _aFEDL
_beng
_cFEDL
041 _aeng
_2eng
084 _a595.78, LEM
_qFEDL
100 _aLemmon Robert S
_9761140
245 0 _aAll about moths and butterflies
260 _aNew York, USA
_bRandom House
_c1956
300 _a148p
942 _cTEXL
_h595.78, LEM
999 _c1335468
_d1335468